Statistics for Every NHL Teams Highest Goal Scorer All Time

Click here to take the quiz!

General Stats

  • This quiz has been taken 24 times
  • The average score is 16 of 31

Answer Stats

HintAnswer% Correct
EdmontonWayne Gretzky
89%
ColoradoJoe Sakic
79%
PittsburghMario Lemieux
79%
AnaheimTeemu Selanne
68%
WashingtonAlex Ovechkin
63%
ChicagoBobby Hull
63%
Saint LouisBrett Hull
63%
DetroitGordie Howe
63%
MontrealMaurice Richard
63%
DallasMike Modano
63%
ArizonaShane Doan
63%
OttawaDaniel Alfredsson
58%
Tampa BaySteven Stamkos
58%
VancouverDaniel Sedin
53%
CalgaryJarome Iginla
53%
TorontoMats Sundin
53%
New York IslandersMike Bossy
53%
New JerseyPatrick Elias
53%
ColumbusRick Nash
53%
Los AngelesLuc Robitaille
47%
MinnesotaMarian Gaborik
47%
San JosePatrick Marleau
47%
FloridaAleksander Barkov
42%
CarolinaRon Francis
42%
BostonJohn Bucyk
32%
VegasJonathan Marchessault
32%
NashvillePeter Forsberg
32%
WinnepegIlya Kovalchuk
26%
New York RangersRod Gilbert
26%
PhiladelphiaBill Barber
21%
BuffaloGilbert Perrault
0%

Score Distribution

Percentile by Number Answered

Percent of People with Each Score

Your Score History

You have not taken this quiz